000 00570nam a22002177a 4500
003 UA-OsUOA
001 81579
007 ta
008 20120203b un ||||| |||| 00| 0 ukr d
100 _aРоманок С.
090 _a82
_bР69
942 _cSA
040 _aUA-OsUOA
_bukr
_cUA-OsUOA
_dUA-OsUOA
245 _aЮрій Косач: життя і творчість на тлі епохи
300 _aС.54-60
955 _a0
041 _aukr
080 _a82
773 0 _w81571
650 7 _a82 Література. Літературознавство
_2UDC
999 _c367894
_d367894